Qira'at mutawatirah : perbandingan bacaan riwayat hafs dan warsh dan perkaitannya dengan fiqh islami tumpuan kajian:ayat-ayat fiqh di dalam Al-quran
Saved in:
| 主要作者: | |
|---|---|
| 格式: | 图书 |
| 语言: | English |
| 出版: |
Bangi, Selangor, Malaysia:
Fakulti Pengajian Islam Universiti Kebangsaan Malaysia,
2006.
|
| 主题: | |
| 标签: |
添加标签
没有标签, 成为第一个标记此记录!
|
| LEADER | 00847cam a2200217 7i4500 | ||
|---|---|---|---|
| 001 | 0000071981 | ||
| 005 | 20191217090000.0 | ||
| 008 | 110410s2006 my eng | ||
| 040 | |a UniSZA | ||
| 050 | 0 | 0 | |a BP88 |
| 090 | 0 | 0 | |a BP88 |b .M64 2006 |
| 100 | 0 | |a Mohd A'Tarahim Mohd Razali |e author | |
| 245 | 1 | 0 | |a Qira'at mutawatirah : |b perbandingan bacaan riwayat hafs dan warsh dan perkaitannya dengan fiqh islami tumpuan kajian:ayat-ayat fiqh di dalam Al-quran |c Mohd A'Tarahim bin Mohd Razali. |
| 260 | |a Bangi, Selangor, Malaysia: |b Fakulti Pengajian Islam Universiti Kebangsaan Malaysia, |c 2006. | ||
| 300 | |a xxi, 179 p.; |c 30cm. | ||
| 336 | |a text |2 rdacontent | ||
| 337 | |a unmediated |2 rdamedia | ||
| 338 | |a volume |2 rdacarrier | ||
| 650 | 0 | |a Islam | |
| 650 | 0 | |a Koran -- |x Reading | |
| 999 | |a 1000138151 |b Thesis |c Reference |e Badak Seminar Collection | ||
